000 00539nam a2200205Ia 4500
003 GCL
008 140319s9999 xx 000 0 eng d
040 _aGCL /
_cGCL
082 0 4 _a751.45
_bM F
100 1 _aMACPHERSON, KEVIN D
245 1 0 _aFILL YOUR OIL PAINTINGS WITH LIGHT AND COLOUR /
_cMACPHERSON, KEVIN D
260 _a[S.N] :
_bNORTH LIGHT BOOKS ،
_c1997
300 _a143 P
650 0 4 _aARTS
650 0 4 _aPAINTING
650 0 4 _aOIL - PAINTING
650 0 4 _aLIGHT IN ART
650 0 4 _aCOLOUR IN ARTS
942 _2ddc
_cBK
999 _c15690
_d15690